000 00286nam a22001217a 4500
008 181217b xxu||||| |||| 00| 0 eng d
041 _aeng
080 _a610.73
100 _a2
101 _aINF
245 _aContemporary Issues in Critical Care Nursing
_cGuthrie,M
942 _2udc
_cBK
999 _c53195
_d53195